LEADER 00719cam1 2200229 450 001 E600200000604 005 20160413145834.0 100 $a20040312d1934 |||||ita|0103 ba 101 $aita 102 $aIT 200 1 $aCurriculum vitae$fGabriele D'Annunzio$ga cura di Camillo Antona-Traversi 210 $aRoma$cCasa del libro$d1934 215 $av.$d26 cm 463 1$1001SOBE00052121$12000 $a2 / Gabriele D'Annunzio 700 1$aD'Annunzio$b, Gabriele$3AF00006044$4070$03236 702 1$aAntona-Traversi, Camillo$3A600200025183$4070 801 0$aIT$bUNISOB$c20160413$gRICA 912 $aE600200000604 940 $aM 102 Monografia moderna SBN 941 $aM 996 $aCurriculum vitae$91673023 997 $aUNISOB